000
00315nam a22001457a 4500
008
210222b ||||| |||| 00| 0 eng d
020
_a
9780840068583
041
_a
eng
080
_a
541
082
_a
541
100
_a
12
101
_a
KIM
245
_a
Biochemistry
_c
Campell, M & Farrell, S
942
_2
udc
_c
BK
999
_c
55101
_d
55101